000 00428nam a2200121Ia 4500
008 191206s9999 xx 000 0 und d
090 _aPS15.L3
245 0 _aLandmarks of American writing: Edited by Hennig Cohen
260 _aBasic Books
260 _cc[1969]
300 _a"xiv, 398 p. 22 cm."
999 _c16329
_d16329